000
00303nam a22001337a 4500
082
_a
823
_b
WOR/I
100
_a
WORTH, BONNIE
245
_a
IF I RAN THE RAINFOREST
260
_a
UK
_b
HARPER COLLINS
300
_a
45
520
_a
ENGLISH SHORT STORIES
650
_a
ENGLISH SHORT STORIES
_z
UK
942
_c
BK
999
_c
5174
_d
5174